=LDR 00000nam 2200000 4500 =001 INLIS000000000036239 =005 20221018083329 =035 ##$$a 0010-061300000036239 =041 ##$$a Ind =082 ##$$a 028.5 =090 ##$$a 028.5, Kim k =100 ##$$a Kim Shin-Joong =245 1#$$a Kisah banyak kitab suci : $b power bible comic 10 kerajaan kekal /$c Kim Shin-Joong ; alih bahasa, Sutoyo Soh Dae-Young Mec-Msc =260 ##$$a Jakarta :$b Elex media koputindo,$c 2009 =300 ##$$a 288 hlm : $b Ilus ; $c 24 cm =650 #4$$a Bacaan kanak-kanak =700 #$$a Young, Sutoyo Soh Dae =850 ##$$a NBPNMAT =020 ##$$a 978-979-27-9425-0 =008 221018################g##########0#ind## =084 ##$$a 028.5 KIM k =990 ##$$a 0001/BPAP-NTB/2015 =990 ##$$a 0001/BPAP-NTB/2016 =990 ##$$a 0001/BPAP-NTB/2016 =990 ##$$a 0001/BPAP-NTB/2015 =990 ##$$a 0001/BPAP-NTB/2015 =990 ##$$a 0001/BPAP-NTB/2016